000 00366nam a22001217a 4500
082 _aTHE 200
100 _aABDUL HADI
_972637
245 _aTH-SOF-0966-SUCCESS ANALYSIS OF PROFESSIONAL LEVEL SKILL DEVELOPMENT COURSE
260 _aNUST COLLEGE OF EME
_bISLAMABAD
_c2001
650 _aMS-EM-7 MSTHESIS
_969831
700 _aDR AKHTAR NAWAZ MALIK
_916099
942 _cCF
999 _c578632
_d578632